Globálny finančný systém
Tendencie globalizácie sa prejavili asi najmarkantnejšie v oblasti medzinárodných finančných trhov. Vysoký nárast hodnoty medzinárodného pohybu kapitálu. V najbližšej budúcnosti sa nedajú očakávať dramatické zmeny vo fungovaní medzinárodného finančného systému. Rozvinutý finančný systém priaznivo vp...
Salvato in:
| Autore principale: | |
|---|---|
| Altri autori: | |
| Natura: | Capitolo di libro |
| Lingua: | slovacco |
| Soggetti: | |
| Tags: |
Nessun Tag, puoi essere il primo ad aggiungerne!!
|
MARC
| LEADER | 00000naa$a2200000$$$4500 | ||
|---|---|---|---|
| 001 | 0038419 | ||
| 005 | 20231116082751.6 | ||
| 041 | 0 | |a slo | |
| 044 | |a SK | ||
| 245 | 1 | 0 | |a Globálny finančný systém |c Irena Hlavatá, Roman Feranec |
| 520 | |a Tendencie globalizácie sa prejavili asi najmarkantnejšie v oblasti medzinárodných finančných trhov. Vysoký nárast hodnoty medzinárodného pohybu kapitálu. V najbližšej budúcnosti sa nedajú očakávať dramatické zmeny vo fungovaní medzinárodného finančného systému. Rozvinutý finančný systém priaznivo vplýva na rast hospodárstva krajiny. Je finančná liberalizácia pre krajinu prospešná? | ||
| 610 | 2 | 0 | |a systém |
| 610 | 2 | 0 | |a financie |
| 610 | 2 | 0 | |a trh finančný |
| 610 | 2 | 0 | |a trh finančný medzinárodný |
| 610 | 2 | 0 | |a globalizácia |
| 610 | 2 | 0 | |a pohyb kapitálu |
| 610 | 2 | 0 | |a liberalizácia |
| 610 | 2 | 0 | |a investície kapitálové |
| 610 | 2 | 0 | |a primeranosť kapitálová |
| 610 | 2 | 0 | |a Slovensko |
| 100 | 1 | |a Hlavatá, Irena | |
| 700 | 1 | |a Feranec, Roman | |